Alcatel OT-C 652: Ako vyšitý pre ženy

Salvato in:
Dettagli Bibliografici
Autore principale: Kmeť, Vladimír
Natura: Capitolo di libro
Lingua:slovacco
Tags: Aggiungi Tag
Nessun Tag, puoi essere il primo ad aggiungerne!!

MARC

LEADER 00000nla$a2200000$$$4500
001 0129168
005 20240502072501.2
041 0 |a slo 
044 |a SK 
245 1 0 |a Alcatel OT-C 652: Ako vyšitý pre ženy  |c Vladimír Kmeť 
100 1 |a Kmeť, Vladimír